| 000 | 00484nam a2200205Ia 4500 | ||
|---|---|---|---|
| 005 | 20240823032959.0 | ||
| 008 | 240823s9999||||xx |||||||||||||| ||und|| | ||
| 020 | _a978-81-203-4115-9 | ||
| 041 | _aENGLISH | ||
| 082 | _A621.381 Q1 | ||
| 100 | _aToomay J C | ||
| 245 | 0 | _aPrinciples of Radar | |
| 250 | _a3rd | ||
| 260 |
_c2011 _b"Prentice-Hall of India,New " |
||
| 500 | _aYES | ||
| 650 |
_aRadar _bElectronics |
||
| 700 | _a Paul J Hannen | ||
| 942 | _cBK | ||
| 999 |
_c194723 _d194723 |
||